Study of electronic state of supported gold nanospecies by IR spectroscopy; The 7th International Forum on Strategic Technology (IFOST-2012), September 18-21, 2012, Tomsk

Xehetasun bibliografikoak
Parent link:The 7th International Forum on Strategic Technology (IFOST-2012), September 18-21, 2012, Tomsk.— 2012.— [4 p.]
Beste egile batzuk: Martynyuk O. A. Oksana Anatolievna, Pestryakov A. N. Aleksey Nikolaevich, Bogdanchikova N., Tiznado Н., Zepeda T. A., Tuzovskaya I.
Gaia:Title screen
The nature of different Au species supported on hexagonal mesoporous silica has been studied by infrared spectroscopy of adsorbed CO. Experiments revealed existence of the following states ofsupported gold: neutral metal particles Au°, ions Au+ and a number of partly charged states Auδ+ with different effective charge. Redox pretreatments (vacuum, O2 and H2) of Au/SiO2 at the different temperatures (100, 300 and 500°C) exert a significant effect on the electronic state of supported Au species. The experiments showed high stability of Auδ+ states under all treatments; that may prove their active role in catalytic properties of gold
Режим доступа: по договору с организацией-держателем ресурса
Hizkuntza:ingelesa
Argitaratua: 2012
Gaiak:
Sarrera elektronikoa:http://dx.doi.org/10.1109/IFOST.2012.6357581
Formatua: Baliabide elektronikoa Liburu kapitulua
KOHA link:https://koha.lib.tpu.ru/cgi-bin/koha/opac-detail.pl?biblionumber=636296

MARC

LEADER 00000nla2a2200000 4500
001 636296
005 20240125095823.0
035 |a (RuTPU)RU\TPU\network\192 
090 |a 636296 
100 |a 20131112a2012 k y0engy50 ba 
101 0 |a eng 
105 |a a z 101zy 
135 |a drnn ---uucaa 
181 0 |a i  
182 0 |a b 
200 1 |a Study of electronic state of supported gold nanospecies by IR spectroscopy  |f O. Martynyuk [et al.] 
203 |a Text  |c electronic 
300 |a Title screen 
320 |a [References: 43 tit.] 
330 |a The nature of different Au species supported on hexagonal mesoporous silica has been studied by infrared spectroscopy of adsorbed CO. Experiments revealed existence of the following states ofsupported gold: neutral metal particles Au°, ions Au+ and a number of partly charged states Auδ+ with different effective charge. Redox pretreatments (vacuum, O2 and H2) of Au/SiO2 at the different temperatures (100, 300 and 500°C) exert a significant effect on the electronic state of supported Au species. The experiments showed high stability of Auδ+ states under all treatments; that may prove their active role in catalytic properties of gold 
333 |a Режим доступа: по договору с организацией-держателем ресурса 
463 0 |0 (RuTPU)RU\TPU\network\10411  |t The 7th International Forum on Strategic Technology (IFOST-2012), September 18-21, 2012, Tomsk  |o [proceedings]  |f National Research Tomsk Polytechnic University (TPU)  |v [4 p.]  |d 2012 
610 1 |a электронный ресурс 
610 1 |a труды учёных ТПУ 
610 1 |a gold catalyst 
610 1 |a mesoporous silica 
610 1 |a adsorption 
701 1 |a Martynyuk  |b O. A.  |c chemist  |c Researcher of Tomsk Polytechnic University, Candidate of chemical sciences  |f 1982-  |g Oksana Anatolievna  |3 (RuTPU)RU\TPU\pers\31284  |9 15462 
701 1 |a Pestryakov  |b A. N.  |c Chemist  |c Professor of Tomsk Polytechnic University, Doctor of Chemical Science  |f 1963-  |g Aleksey Nikolaevich  |3 (RuTPU)RU\TPU\pers\30471  |9 14796 
701 1 |a Bogdanchikova  |b N. 
701 1 |a Tiznado  |b Н. 
701 1 |a Zepeda  |b T. A. 
701 1 |a Tuzovskaya  |b I. 
801 2 |a RU  |b 63413507  |c 20151216  |g RCR 
856 4 |u http://dx.doi.org/10.1109/IFOST.2012.6357581 
942 |c CF